|
|
|
|
| LEADER |
00975nam a2200349 4500 |
| 001 |
DLU060054631 |
| 005 |
##20060627 |
| 040 |
# |
# |
|a DLU
|b vie
|
| 041 |
# |
# |
|a vie
|
| 044 |
# |
# |
|a vn
|
| 082 |
# |
# |
|a 915.97
|b Nha
|
| 245 |
# |
# |
|a Nha Trang xưa & nay /
|c Nguyễn Minh Sơn, Nguyễn Trọng Hoà, Nguyễn Đức Hùng biên soạn
|
| 246 |
# |
# |
|a Nha Trang xưa và nay
|
| 260 |
# |
# |
|a Đà Nẵng :
|b Nxb. Đà Nẵng,
|c 2003
|
| 300 |
# |
# |
|a 177 tr. :
|b minh hoạ màu ;
|c 23 cm
|
| 651 |
# |
# |
|a Nha Trang
|
| 653 |
# |
# |
|a Sách ảnh
|
| 653 |
# |
# |
|a Tài liệu địa chí
|
| 653 |
# |
# |
|a Thắng cảnh
|
| 700 |
# |
# |
|a Nguyễn, Đức Hùng,
|e biên soạn
|
| 700 |
# |
# |
|a Nguyễn, Minh Sơn,
|e biên soạn
|
| 700 |
# |
# |
|a Nguyễn, Trọng Hoà,
|e biên soạn
|
| 923 |
# |
# |
|a 13/2006
|
| 992 |
# |
# |
|a 180.000
|
| 994 |
# |
# |
|a DLU
|
| 900 |
# |
# |
|a True
|
| 911 |
# |
# |
|a Đào Thị Thu Huyền
|
| 925 |
# |
# |
|a G
|
| 926 |
# |
# |
|a A
|
| 927 |
# |
# |
|a SH
|
| 980 |
# |
# |
|a Thư viện Trường Đại học Đà Lạt
|